40 bohaterów „Czasu honoru” - Statystyki

Ogólne statystyki
  • Ten quiz został rozwiązany 141 razy
  • Średni wynik to 27 z 40
Statystyki odpowiedzi
Hint Odpowiedź % Poprawnych
„Guzik”. Przed wojną student medycyny. Michał Konarski
91%
Aktorka. Wraz z Niną i Lolą uciekła z „Pawiaka”. Wanda Ryszkowska
91%
W czasie wojny współpracował z Gestapo, po wojnie – kapitan UB. Karol Ryszkowski
89%
Jeden z czterech skoczków. Zarażony tyfusem i odbity z „Pawiaka”. Władysław Konarski
88%
Żona Janka. Pracowała w nielegalnym zakładzie krawieckim w getcie. Lena Sajkowska
87%
Wybitny chirurg. Leczyła matkę gubernatora Warszawy. Maria Konarska
84%
Syn właściciela odlewni metali. Wykonywał wyroki sądu podziemnego. Bronisław Woyciechowski
83%
Jeden z głównych bohaterów, ginie zastrzelony przez ubeka Wasilewskiego. Jan Markiewicz
82%
Udając prostytutkę, likwidowała konfidentów. Wiktoria Rudnicka („Ruda”)
82%
Matka Wandy. Po wojnie otworzyła bar mleczny. Helena Dobrzyńska
81%
Przed wojną profesor literatury. Próbował wydostać się z rodziną z getta. Leon Sajkowski
81%
Szef warszawskiego Gestapo. Po wojnie ukrył w Czechach archiwum AK. Lars Rainer
80%
Major Abwehry. W II serii serialu udusił szefa Gestapo. Martin Halbe
79%
Brutalny gestapowiec, Austriak – pochodzi z Linzu. Uwe Rappke
78%
Powstaniec, syn dowódcy. Zginął przez niemieckiego szpicla. Kamil Krawicz („Bambo”)
76%
Niemiecki lekarz. Uratował doktor Marię. Otto Kirchner
75%
Uczestnik powstania w-skiego. Pisał wiersze. Nieszczęśliwie zakochany. „Mickiewicz”
73%
Prowadził restaurację z podsłuchem Gestapo. Po wojnie – oficer UB. Tadeusz Woźniak
72%
Ojciec Michała i Władka – mąż Marii. Ginie pod koniec I serii serialu. Czesław Konarski
71%
Pułkownik UB. Uratował Lenę i jej synka Jasia w czasie powstania. Leon Wasilewski
70%
W akcji wrzucił gubernatora W-wy do rzeki. W V serii popełnił samobójstwo. Romek Sajkowski
70%
Wraz z mężem rozstrzelana w czasie fałszywego wyjazdu do Palestyny. Sabina Sajkowska
68%
Niemiecki szpieg w podziemiu. Spotykał się z łącznikiem w fotoplastikonie. Johann von Relatzki (Tadeusz Kruczek)
67%
Powstaniec, brat Irenki. Jest w nim zakochana jedna z sanitariuszek. „Apacz”
66%
W VI sezonie współpracowała z Rainerem dla Amerykanów. Celina Dłużewska
64%
Gubernator Warszawy. dr Ludwig Fischer
64%
Niemiecki szpieg. Przez niego ginie „Bambo”. Zlikwidowany w VI serii. Antoni Karkowski
62%
Parszywy oszust z getta. Mosler
58%
Wspólnie z Michałem prowadziła radiostację w czasie powstania. „Halszka”
57%
Prowadził w getcie pracownię krawiecką. Gwałcił Żydówki. Mongoł
56%
Gestapowiec uduszony w szpitalu przez oficera Abwehry. Gerd Keller
53%
Narzeczony Celiny, łącznik KG ZWZ. Trenował boks. Krzysztof
52%
Komunista. Były mąż Heleny. Kazimierz Korytowski („Zawisza”)
51%
Major NKWD. Podawał się za emisariusza gen. Okulickiego. Zwonariew („Bocian”)
50%
Komunistka. Dyrektor Departamentu Bezpieczeństwa Publicznego. Ada Lewińska
45%
Esesman – gwałcił więźniarki na Pawiaku. Schneider
40%
Następca Rainera, przyjechał z Krakowa. Josef Tannenberg
36%
Szefowa komórki kontrwywiadu ZWZ, pracowała z Michałem. „Margaret”
32%
Szaleniec – uratował i więził Celinę, która przypominała jego zmarłą żonę. Heinrich Pabst
30%
Dowódca warszawskiego gestapo, zginął w czasie napadu na konwój. Peter Klaus Schoebbl
25%
Nie znaleziono quizów pasujących do podanych kryteriów
Rozkład punktacji
Procent ludzi z każdym wynikiem
Percentyl według liczby udzielonych odpowiedzi
Twoja historia wyników
Nie rozwiązałeś tego quizu